Orientación profesional: nuevos escenarios y perspectivas

Saved in:
Bibliografiske detaljer
Main Authors: Sobrado Fernández, Luis M (Author), Cortés Pascual, Alejandra (Author)
Format: Bog
Sprog:spansk
Udgivet: Madrid Biblioteca Nueva 2009
Fag:
Tags: Tilføj Tag
Ingen Tags, Vær først til at tagge denne postø!

MARC

LEADER 00000nam a2200000 a 4500
001 UCG2362
003 CL-VaPUC
008 100708e20090000SP |||||||||||||||||spa|d
020 |a 9788497429566 
082 0 4 |a 371.42  |b SOB  |2 21 
100 0 |a Sobrado Fernández, Luis M  |e author  |9 550846 
700 0 |a Cortés Pascual, Alejandra  |e author  |9 550847 
245 1 0 |a Orientación profesional: nuevos escenarios y perspectivas 
300 |a 422 p 
942 |c BK 
945 |d 20100708 00:00:00  |a dcastane 
260 |a Madrid  |b Biblioteca Nueva  |c 2009 
650 0 |a Orientación profesional   |9 308504 
650 0 |a Psicología educacional   |9 307830 
650 0 |a Vocación  |9 328817 
650 7 |a ORIENTACION EDUCACIONAL  |2 CL-VaPUC  |9 312512 
583 |a last modification  |c 20100708 00:00:00  |k Rodrigo Vera 
999 |c 341578  |d 341576 
952 |0 0  |1 0  |4 0  |6 371_420000000000000_SOB_2009  |7 0  |8 A  |9 437181  |a BIBEDU  |b BIBEDU  |d 2019-11-22  |i 4693337  |o 371.42 SOB 2009  |p 4693337  |r 2019-11-22  |w 2019-11-22  |y BK  |k EPE